000 00982nam a22002657a 4500
005 20240530110616.0
008 161123s2015 ua a g b 000 0 ara d
017 _a2014/25936
_bمصر. دار الكتب
020 _a9789779024677
040 _aEG-CaGPL
_cEG-CaGPL
082 0 4 _221
_a372.218\
_bف ت
100 0 _aفرماوى محمد فرماوى .
245 1 2 _aالتعلم القائم على بحوث المخ البشرى /
_cتاليف فرماوى محمد فرماوى ، ايمان رفعت محمد طه .
250 _aط.1
260 _c2015 .
_aالاسكندرية :
_bالمؤلف ،
300 _a151 ص. :
_bايض. ؛
_c24 سم .
504 _aببليوجرافية : ص 145 - 151
650 0 7 _2qrmak
_aالتعلم .
650 0 7 _2qrmak
_aالذكاء .
650 0 7 _2qrmak
_aاطفال الروضة .
650 0 7 _2qrmak
_aالذكاء الوجدانى .
651 _2qrmak
942 _2ddc
_cBK
999 _c62951
_d62951